000 004730000a22001690004500
041 0 _aENG
082 0 4 _aG 261 E479c
100 1 _aEllwood, Charles A. (1873-1946)
245 1 0 _aChristianity and social science : A challenge to the church / Charles A. Ellwood
260 _aNew York, USA : MacMillan
300 _a219 Pag
001 6711
942 _cBK
999 _c36978
_d36978
336 _atexto
_btxt
_2rdacontent
337 _2rdamedia
_asin mediación
_bn
338 _2rdacarrier
_avolumen
_bnc